00622nam a2200205Ia 4500003000400000005001700004008004100021020001800062040001800080041000800098082002100106100002300127245009000150250001200240260004400252300003000296650002800326650003200354650003000386OSt20240606143452.0210716s2019 xx 000 0 und d a9789352808311 cAIMIT LIBRARY aeng a374.22 21bRAJS aRajesh, Saundarya. a99 day diversity challenge : bceating an inclusive workplace /cBy Saundarya Rajesh. a1st ed. aNew Delhi :bSage Publications ,c2019. axxvi,290p. ;bPBc21.5 cm aThe basics of diversity aThe dimensions of diversity aActioning your D&I vision